01539nam a2200325 i 4500001001000000003000900010005001700019007000300036008004100039040003000080041000800110082001900118100004500137245010000182264007000282300004300352336002700395337003300422338002800455504002800483590002700511700005600538910001400594942001400608952013500622952015500757952014200912952014201054999001701196000032117DO-SdBNP20250911105244.0ta110712s197u dr o r 000 0 spa d aDO-SdBNPbspacBNPHUerda aspa axxxxbB9122221 aBrusiloff, Carmenchueautor4aut.95823410aSanto Domingo :bllave de las indias occidentales. /cCarmenchu Brusiloff, Juan Alfredo Biaggi. 1aSanto Domingo :bInstituto Cultural Dominico Americano,c[1979?]. a76 páginas :bfotografías c22 cm. atextobtxt2rdacontent asin mediaciónbn2rdamedia avolumenbnc2rdacarrier aBibliografía p: 78-79 aInventariado, 2025/ YL1 aBiaggi Lama, Juan A.d1951-2023eautor4aut.976550 aYLockward 2ddccLBS1 00102ddc51708PDaBNPHUbBNPHUcHDd2011-07-12iLF1l0oBNPHU PD xxx B912p32117-10r2020-06-25w2020-06-25yLBS1ZNo se presta 00102ddc51708PDaBNPHUbBNPHUcHDd2013-07-01eDonación iLF1l0oBNPHU PD xxxx B912p32117-20r2020-06-25te. 2w2020-06-25yLBS1ZNo se presta 00102ddc56708DSaBNPHUbBNPHUcHDd2014-12-01eDonación iLF1l0oBNPHU DS xxxx B912p2025-9917r2025-09-11te. 3w2020-06-25yLBS1 00102ddc56708DSaBNPHUbBNPHUcHDd2017-10-06eDonación iLF1l0oBNPHU DS xxxx B912p2025-9918r2025-09-11te. 4w2020-06-25yLBS1 c31608d31608